| 000 | 00846nam a2200253 a 4500 | ||
|---|---|---|---|
| 005 | 20200104041516.0 | ||
| 008 | 140224s1988 sp o|||| |||| 00| 0 fre d | ||
| 020 | _a848700900X | ||
| 040 |
_aCO-BoIAVH _cCO-BoIAVH |
||
| 041 | 0 | _afre | |
| 044 | _asp | ||
| 082 | 0 | 4 |
_a571.19 _bC38m |
| 100 | 1 |
_aCebrian i López, Rafael _eautor |
|
| 245 | 1 | 0 |
_aMamífers / _cRafael Cabrián i López y Joaquim Lacueva i Pérez |
| 260 |
_aBarcelona : _bDepartament D'Educacio Zoo, _c1988. |
||
| 300 |
_a29 páginas : _bilustraciones y fotografías ; _c24 x 17 cm. + _e24 diapositivas |
||
| 504 | _aIncluye referencias bibliográficas. | ||
| 650 | 2 | 6 | _aMamíferos |
| 650 | 2 | 4 | _aMastozoología |
| 650 | 2 | 6 | _aBiología |
| 650 | 2 | 6 |
_aMamíferos _xTaxonomía |
| 700 | 1 |
_aLacueva i Pérez, Joaquim _eautor |
|
| 942 |
_cLIBRO _2ddc |
||
| 999 |
_c916 _d916 |
||